000
00326 a2200157 4500
001
68438
020
_a
9781305862975
040
_c
Anchieta - Pituba
100
_a
Koustaff, Lesley
240
1
0
_a
Impact 1
_l
eng
245
1
0
_a
Impact 1
300
_a
175
362
0
_a
2017
650
4
_a
Inglês e inglês antigo
942
_c
BK
999
_c
68438
_d
68438